000 00603nam a22002057a 4500
003 OSt
005 20240730134752.0
008 240730b |||||||| |||| 00| 0 eng d
020 _a0852743114
040 _cMUST
082 _a621.1244 LAS 1990
100 _aLasnier,France
_919034
245 _aPhotovoltaic Engineering Handbook
_cF Lasnier and Tont Gan Ang
260 _aEngland
_bAdam Hilger
_c1990
300 _axx,568p.
_bincludes bibliograpgic reference,ill.
_c24cm.
504 _aReferences and indexes
650 _2solar energy
650 _2photovoltaic power generation
942 _2ddc
_cBOOK
999 _c9310
_d9310